<?xml version="1.0" encoding="UTF-8"?>
<marc:record xmlns:marc="http://www.loc.gov/MARC21/slim">
   <marc:leader>00000nam a2200000 a 4500</marc:leader>
   <marc:datafield ind1="1" ind2=" " tag="100">
      <marc:subfield code="a">Pearson, Luke</marc:subfield>
      <marc:subfield code="4">aut</marc:subfield>
      <marc:subfield code="e">Verfasser/-in</marc:subfield>
   </marc:datafield>
   <marc:datafield ind1="1" ind2=" " tag="100">
      <marc:subfield code="a">Wieland, Matthias</marc:subfield>
   </marc:datafield>
   <marc:datafield ind1="0" ind2="0" tag="245">
      <marc:subfield code="a">Hilda und der Bergkönig</marc:subfield>
   </marc:datafield>
   <marc:datafield ind1="0" ind2="0" tag="245">
      <marc:subfield code="c">Luke Pearson. Aus dem Engl. von Matthias Wieland</marc:subfield>
   </marc:datafield>
   <marc:datafield ind1=" " ind2="1" tag="264">
      <marc:subfield code="a">Berlin</marc:subfield>
      <marc:subfield code="b">Reprodukt</marc:subfield>
      <marc:subfield code="c">2019</marc:subfield>
   </marc:datafield>
   <marc:datafield ind1="1" ind2=" " tag="490">
      <marc:subfield code="a">Hilda</marc:subfield>
      <marc:subfield code="v">06</marc:subfield>
   </marc:datafield>
   <marc:datafield ind1=" " ind2=" " tag="250">
      <marc:subfield code="a">1. Aufl.</marc:subfield>
   </marc:datafield>
   <marc:datafield ind1="1" ind2=" " tag="520">
      <marc:subfield code="a">Was für ein Schreck: Hildas Mutter findet morgens ein Trollkind im Bett ihrer Tochter während Hilda selbst in einem Trollkörper feststeckt. Und dann soll sie auch noch von einer Trollmutter aus den nahen Bergen adoptiert werden! Auf der Suche nach einem Weg zurück kommt Hilda dem geheimnisvollen Bergkönig auf die Spur. Ihre Mutter versucht indessen, den fanatischen Trolljägern zuvorzukommen, die nun auch hinter ihrer verwandelten Tochter her sind... Endlich gibt es die Auflösung des Cliffhangers aus dem letzten Band und das Abenteuer geht ebenso spannend weiter!</marc:subfield>
   </marc:datafield>
   <marc:datafield ind1=" " ind2=" " tag="020">
      <marc:subfield code="a">9783956402036</marc:subfield>
      <marc:subfield code="9">9783956402036</marc:subfield>
   </marc:datafield>
   <marc:datafield ind1=" " ind2=" " tag="020">
      <marc:subfield code="a">3956402030</marc:subfield>
      <marc:subfield code="9">3956402030</marc:subfield>
   </marc:datafield>
   <marc:datafield ind1=" " ind2=" " tag="300">
      <marc:subfield code="a">[38] Bl. : zahlr. Ill.</marc:subfield>
   </marc:datafield>
</marc:record>
